000
00349nam a2200145Ia 4500
008
230523s9999 xx 000 0 und d
082
_a
028.7 VEE
100
_a
Veeranjaneyulu, K.
245
0
_a
Emerging Technologies in Information Management
260
_a
Hyderabad
260
_b
BS Publications
260
_c
2014
300
_a
294
942
_c
TB
999
_c
2536
_d
2536